Význam budovania Transeurópskych sietí v Európskej únii s dosahom na ekonomiku Slovenskej republiky bakalárska práca

Uložené v:
Podrobná bibliografia
Hlavný autor: Krivosudská, Simona, 1995-
Korporativný autor: Obchodná fakulta EU. Katedra medzinárodného obchodu
Ďalší autori: Škodová, Lenka
Médium: Kniha
Jazyk:Slovak
Vydavateľské údaje: Bratislava 2017
Tagy: Pridať tag
Žiadne tagy, Buďte prvý, kto otaguje tento záznam!

MARC

LEADER 00000nbm a2200000 4500
001 0232767
005 20170818095714.3
041 0 |a slo 
044 |a SK 
245 1 0 |a Význam budovania Transeurópskych sietí v Európskej únii s dosahom na ekonomiku Slovenskej republiky  |b bakalárska práca  |c Simona Krivosudská ; školiteľ: Lenka Škodová 
264 1 |a Bratislava  |c 2017 
300 |a 60 s. 
100 1 |a Krivosudská, Simona, 1995- 
700 1 |a Škodová, Lenka 
710 2 |a Obchodná fakulta EU. Katedra medzinárodného obchodu